Responses for Show #9152 - Tuesday, July 23, 2024

Neilesh Vinjamuri game 3.

Contestants

[<< previous game]

Tim Herd, a Ph.D. student originally from Detroit, Michigan

Lindsay Denninger, a writer from Smithtown, New York

Neilesh Vinjamuri, a software engineer from Lionville, Pennsylvania (whose 2-day cash winnings total $41,100)

[next game >>]

Jeopardy! Round responses

FLAVORS
ALSO A BIRD
SPRING IN YOUR STEP
SUMMER READING
TAKING A FALL
THE WINTER OF OUR DISCONTENT
    $200 1
strawberry

Neilesh
    $200 4
(Neilesh: What is... Phoenix?)

Jay

NeileshLindsay
    $200 27
pogo sticks

Neilesh
    $200 28
I Know What You Did Last Summer

Lindsay
    $200 7
Ryan Gosling

Lindsay
    $200 23
March 15th

Lindsay
    $400 2
almond

Lindsay
    $400 26
a lark

Triple Stumper
    $400 14
jump over the candlestick

Neilesh
    $4,600 29
Ebbets Field

Lindsay
    $400 30
(Ken: Classic Arnold right there.)

Schwarzenegger

Lindsay
    $400 8
Pompeii

Neilesh
    $600 10
shrimp

Lindsay
    $600 25
Kiwi

Neilesh
    $600 5
(Lindsay: What is... tomorrow?)

leapin' lizards!

Lindsay
Triple Stumper
    $600 12
The Summer I Turned Pretty

Lindsay
    $600 24
(Ken: Played college football.)

Gerald Ford

Triple Stumper
    $600 9
(Neilesh: Uh, what is St. Valentine's Day?)
(Ken: Can you be more specific?)

the 14th of February

Neilesh
    $800 15
(Tim: What is chamomile?)

chai

LindsayTim
    $800 11
(Tim: What is...)
...
(Ken: That's to [*] someone.)

goose

Tim
Triple Stumper
    $800 13
mountain lion

Neilesh
    $800 20
(Ken: That's A Midsummer Night's [*]--spooky version.)

Scream

Triple Stumper
    $800 6
(Ken: In Die Hard, yeah.)

John McClane

Neilesh
    $800 17
Jamestown

Neilesh
    $1000 22
anise

Lindsay
    $1000 21
(Tim: What is a... odd number?)

cardinal

Tim
Triple Stumper
    $1000 19
Cirque du Soleil

Lindsay
    $1000 3
Ray Bradbury

Neilesh
    $1000 18
(Tim: Who is Charlie Chaplin?)

Buster Keaton

Tim
Triple Stumper
    $1000 16
Dreyfus

Neilesh

Scores at the first commercial break (after clue 15):

Neilesh Lindsay Tim
$4,000 $2,200 -$1,600

Scores at the end of the Jeopardy! Round:

Neilesh Lindsay Tim
$6,600 $9,600 -$3,600

Double Jeopardy! Round responses

U.S. AREAS & TERRITORIES
IT'S ALL GREEK MYTH TO ME
TIME FOR SCIENCE
THE ROARING '20s
WRITER-DIRECTORS
DROP IN
    $400 1
a lei

Lindsay
    $400 17
(Tim: Who is Zeus?)

Titan

NeileshTim
    $400 12
refractors

Neilesh
    $400 15
Miss America

Neilesh
    $400 14
(Lindsay: What is The Hunt for Red October?)

Crimson Tide

Lindsay
Triple Stumper
    $400 7
beg (from begin)

Lindsay
    $800 18
(Neilesh: What is the Virgin Islands?)
(Ken: Can you be more specific?)

the U.S. Virgin Islands

Neilesh
    $800 16
Cerberus

Neilesh
    $800 13
bonds

Lindsay
    $800 9
Fitzgerald

Neilesh
    $800 2
Paul Thomas Anderson

Lindsay
    $800 6
rob (from Robin)

Triple Stumper
    $1200 19
Puerto Rico

Lindsay
    $3,000 8
(Lindsay: What is... a kraken?)
(Ken: No, I'm sorry, this is [*] of [*] and Charybdis fame.)

Scylla

Lindsay
    $1200 24
magnetic field

Neilesh
    $1200 29
the Charleston

Lindsay
    $1200 5
(Lindsay: What is Metropolis?)

Megalopolis

Lindsay
Triple Stumper
    $1200 3
combed (from combined)

Lindsay
    $1600 22
boobies

Triple Stumper
    $1600 10
Paris

Neilesh
    $1600 25
isotope

Neilesh
    $1600 20
(Neilesh: What is Chamonix?)

St. Moritz

Neilesh
Triple Stumper
    $1600 4
Ava DuVernay

Tim
    $1600 27
figure (from figurine)

Triple Stumper
    $2000 23
(Ken: Guess I should take a trip to [*].)

American Samoa

Triple Stumper
    $2000 11
Arachne

Lindsay
    $2000 26
transistor

Neilesh
    $2000 30
Aimee Semple McPherson

Triple Stumper
    $2000 21
Wachowski

Neilesh
    $2,000 28
male (from main line)

Neilesh

Scores at the end of the Double Jeopardy! Round:

Neilesh Lindsay Tim
$19,000 $13,000 -$2,400

[wagering suggestions for these scores]

Final Jeopardy! Round responses

HISTORIC SPOTS
(Ken: Horses and buggies were stored at [*], site of the famous gunfight.)
LindsayWhat is ponce de leon
$8,000
NeileshWhat
$7,001
the O.K. Corral

Final scores:

Neilesh Lindsay Tim
$11,999 $5,000 -$2,400
3-day champion: $53,099 2nd place: $3,000 3rd place: $2,000

Game dynamics:

Coryat scores:

Neilesh Lindsay Tim
$19,000 $11,800 -$2,400
23 R
(including 1 DD),
2 W
20 R
(including 1 DD),
4 W
(including 1 DD)
1 R,
5 W

Combined Coryat: $28,400

[game clues] [game scores] [suggest correction]

Game tape date: 2024-05-29
The J! Archive is created by fans, for fans. Scraping, republication, monetization, and malicious use prohibited; this site may use cookies and collect identifying information. See terms. The Jeopardy! game show and all elements thereof, including but not limited to copyright and trademark thereto, are the property of Jeopardy Productions, Inc. and are protected under law. This website is not affiliated with, sponsored by, or operated by Jeopardy Productions, Inc. Join the discussion at JBoard.tv.